Every 10,000+ City in the Southern United States in 1950 with a Map - Statistics

General Stats
  • This quiz has been taken 154 times
    153 since last reset
  • The average score is 128 of 325
Answers on the Map
Answers color-coded by a green-red scale on the quiz's map according to % correct below.
 
Answer Stats
Population State Cities % Correct
434,462 TX Dallas
93%
98,271 MS Jackson
93%
30,207 TN Jackson
93%
130,485 TX El Paso
92%
596,163 TX Houston
92%
249,276 FL Miami
91%
11,801 OK Miami
91%
408,442 TX San Antonio
91%
124,681 FL Tampa
91%
802,178 -- Washington
91%
132,459 TX Austin
90%
204,517 FL Jacksonville
90%
570,445 LA New Orleans
90%
396,000 TN Memphis
89%
243,504 OK Oklahoma City
89%
331,314 GA Atlanta
88%
949,708 MD Baltimore
88%
125,629 LA Baton Rouge
88%
73,501 WV Charleston
88%
70,174 SC Charleston
88%
278,778 TX Fort Worth
88%
369,129 KY Louisville
88%
174,307 TN Nashville
88%
52,367 FL Orlando
88%
230,310 VA Richmond
88%
10,268 KY Richmond
88%
134,042 NC Charlotte
87%
102,213 AR Little Rock
87%
182,740 OK Tulsa
87%
326,037 AL Birmingham
85%
26,433 FL Key West
83%
129,009 AL Mobile
83%
106,525 AL Montgomery
83%
65,679 NC Raleigh
83%
119,638 GA Savannah
83%
27,237 FL Tallahassee
83%
74,246 TX Amarillo
82%
108,287 TX Corpus Christi
81%
124,769 TN Knoxville
81%
55,534 KY Lexington
80%
13,571 NC Lexington
80%
86,914 SC Columbia
78%
10,911 TN Columbia
78%
66,568 TX Galveston
78%
74,389 NC Greensboro
77%
71,747 TX Lubbock
76%
213,513 VA Norfolk
75%
131,041 TN Chattanooga
74%
96,738 FL St. Petersburg
74%
61,787 VA Alexandria
72%
34,913 LA Alexandria
72%
34,715 NC Fayetteville
72%
17,071 AR Fayetteville
72%
16,437 AL Huntsville
72%
43,479 FL Pensacola
72%
127,206 LA Shreveport
72%
87,811 NC Winston-Salem
72%
71,311 NC Durham
71%
70,252 GA Macon
71%
84,706 TX Waco
71%
71,508 GA Augusta
70%
110,356 DE Wilmington
70%
45,043 NC Wilmington
70%
36,066 TX Brownsville
69%
33,541 LA Lafayette
69%
51,910 TX Laredo
69%
28,180 GA Athens
68%
31,044 KY Newport
67%
91,921 VA Roanoke
67%
46,396 AL Tuscaloosa
67%
24,753 TX Texarkana
65%
15,875 AR Texarkana
65%
37,425 MS Biloxi
64%
58,161 SC Greenville
64%
29,936 MS Greenville
64%
16,724 NC Greenville
64%
14,727 TX Greenville
64%
20,067 TX McAllen
64%
21,713 TX Midland
64%
29,495 TX Odessa
64%
58,891 WV Wheeling
64%
10,047 MD Annapolis
63%
79,611 GA Columbus
63%
17,172 MS Columbus
63%
11,916 KY Frankfort
63%
53,000 NC Asheville
62%
36,328 FL Fort Lauderdale
61%
86,353 WV Huntington
60%
45,570 TX Abilene
59%
10,434 VA South Norfolk
58%
25,969 VA Charlottesville
57%
26,861 FL Gainesville
57%
11,936 GA Gainesville
57%
11,246 TX Gainesville
57%
42,358 VA Newport News
56%
68,042 TX Wichita Falls
56%
30,187 FL Daytona Beach
55%
47,942 AR Fort Smith
55%
18,142 MD Frederick
55%
22,659 MS Gulfport
55%
27,006 OK Norman
55%
94,014 TX Beaumont
54%
47,727 VA Lynchburg
54%
25,525 WV Morgantown
54%
25,814 FL Panama City
54%
27,948 MS Vicksburg
54%
13,555 FL St. Augustine
53%
43,162 FL West Palm Beach
52%
46,282 FL Miami Beach
51%
18,347 KY Bowling Green
50%
16,264 TN Clarksville
50%
64,452 KY Covington
50%
13,052 TN Murfreesboro
50%
38,968 TX Tyler
49%
13,195 FL Fort Myers
48%
41,272 LA Lake Charles
48%
29,615 GA Rome
48%
12,339 VA Suffolk
48%
19,676 FL Hialeah
47%
38,572 LA Monroe
47%
10,140 NC Monroe
47%
33,651 KY Owensboro
47%
30,851 FL Lakeland
46%
36,795 SC Spartanburg
46%
32,828 KY Paducah
45%
80,039 VA Portsmouth
45%
15,581 FL Clearwater
44%
21,372 TX Denton
44%
14,351 FL Hollywood
44%
35,054 VA Petersburg
44%
11,527 MS Tupelo
44%
52,093 TX San Angelo
43%
16,771 TN Bristol
41%
15,954 VA Bristol
41%
21,584 AL Dothan
41%
12,158 VA Fredericksburg
41%
29,474 MS Hattiesburg
41%
27,864 TN Johnson City
41%
12,939 AL Auburn
40%
36,260 MD Hagerstown
40%
16,310 AR Jonesboro
40%
22,740 MS Natchez
40%
44,097 AR North Little Rock
40%
57,530 TX Port Arthur
40%
20,046 GA Valdosta
40%
22,840 AL Selma
39%
37,679 MD Cumberland
37%
10,560 TX McKinney
37%
20,102 NC Salisbury
37%
15,141 MD Salisbury
37%
18,896 FL Sarasota
37%
21,635 GA Decatur
36%
19,974 AL Decatur
36%
12,383 TX Edinburg
36%
23,879 AL Florence
36%
22,513 SC Florence
36%
39,973 NC High Point
36%
29,307 AR Hot Springs
36%
41,893 MS Meridian
36%
29,684 WV Parkersburg
36%
35,066 VA Danville
35%
20,687 GA Marietta
35%
31,155 GA Albany
34%
34,757 OK Lawton
34%
12,210 TX New Braunfels
34%
37,162 AR Pine Bluff
34%
16,126 TX Victoria
33%
10,571 TX Garland
32%
22,483 TX Pasadena
32%
36,017 OK Enid
31%
10,810 VA Harrisonburg
31%
11,741 FL Ocala
31%
13,841 VA Winchester
31%
55,725 AL Gadsden
30%
21,643 TX Paris
30%
14,211 TX Del Rio
29%
19,397 WV Beckley
28%
16,837 KY Henderson
28%
10,996 NC Henderson
28%
23,069 NC Gastonia
27%
15,812 NC New Bern
27%
25,467 TX Temple
27%
17,954 GA Brunswick
26%
16,486 NC Concord
26%
14,594 TX Grand Prairie
26%
19,571 TN Kingsport
26%
19,927 VA Staunton
26%
20,238 OK Stillwater
26%
16,620 TX Texas City
26%
15,470 LA Bossier City
25%
15,968 GA Dalton
25%
24,502 TX Longview
25%
31,066 AL Anniston
23%
24,502 SC Rock Hill
23%
24,005 WV Weirton
23%
18,102 TX Bryan
22%
21,454 NC Goldsboro
22%
23,229 TX Harlingen
22%
11,505 LA Houma
22%
11,935 FL Sanford
22%
10,013 NC Sanford
22%
15,995 OK Ada
21%
19,770 SC Anderson
21%
31,131 KY Ashland
21%
13,604 FL Bradenton
21%
32,014 WV Clarksburg
21%
12,605 TN Cleveland
21%
15,621 WV Martinsburg
21%
21,174 TX Orange
21%
23,305 AL Phenix City
21%
20,150 TX Sherman
21%
12,685 NC Elizabeth City
20%
37,289 OK Muskogee
20%
27,697 NC Rocky Mount
20%
21,506 WV Bluefield
19%
24,560 NC Burlington
19%
14,535 GA College Park
19%
11,170 MD College Park
19%
20,185 SC Sumter
19%
13,134 AL Talladega
19%
16,686 WV South Charleston
18%
28,445 AL Bessemer
17%
10,351 MD Cambridge
17%
14,755 NC Hickory
17%
25,025 GA LaGrange
17%
25,038 MS Laurel
17%
16,467 LA New Iberia
17%
10,734 FL North Miami
17%
12,503 TX Palestine
17%
19,228 OK Bartlesville
16%
22,983 TX Baytown
16%
19,837 FL Coral Gables
16%
29,346 WV Fairmont
16%
11,236 AR Helena
16%
12,526 KY Hopkinsville
16%
10,166 OK Midwest City
16%
12,327 TX Nacogdoches
16%
10,805 MS Pascagoula
16%
10,372 LA Ruston
16%
12,357 VA Waynesboro
16%
17,890 OK Ardmore
15%
17,504 TX Denison
15%
10,232 GA Dublin
15%
18,061 MS Greenwood
15%
13,806 SC Greenwood
15%
10,765 TX Mission
15%
17,286 TX Big Spring
14%
10,219 VA Hopewell
14%
11,132 KY Madisonville
14%
22,327 TX Marshall
14%
17,251 VA Martinsville
14%
19,211 TX Corsicana
13%
23,076 AR El Dorado
13%
15,135 TX Lufkin
13%
11,372 AR Camden
12%
16,539 MS Clarksdale
12%
10,113 OK Guthrie
12%
16,898 TX Kingsville
12%
17,878 OK McAlester
12%
12,295 AL Opelika
12%
15,322 SC Orangeburg
12%
14,044 TX Plainview
12%
20,180 OK Ponca City
12%
22,948 OK Shawnee
12%
11,204 TX Waxahachie
12%
23,010 NC Wilson
12%
11,389 GA Americus
11%
10,885 TN Dyersburg
11%
12,308 MD Hyattsville
11%
13,019 TN Morristown
11%
16,583 TX Pampa
11%
24,275 TX University Park
11%
13,502 FL Fort Pierce
10%
18,899 GA Waycross
10%
16,449 TX Alice
9%
18,059 TX Borger
9%
20,181 TX Brownwood
9%
13,813 LA Gretna
9%
11,405 TX Highland Park
9%
14,772 WV Moundsville
9%
19,014 AL Prichard
9%
15,508 NC Shelby
9%
16,901 NC Statesville
9%
13,341 MD Takoma Park
9%
14,424 GA Thomasville
9%
11,154 NC Thomasville
9%
17,798 LA Bogalusa
8%
15,325 OK Duncan
8%
10,541 OK Durant
8%
21,080 GA East Point
8%
12,866 AL Homewood
8%
10,401 MS McComb
8%
14,482 KY Middlesborough
8%
11,863 OK Seminole
8%
13,619 TX Sweetwater
8%
11,798 NC Albemarle
7%
12,769 LA Bastrop
7%
16,234 AR Blytheville
7%
12,905 TX Cleburne
7%
10,991 OK El Reno
7%
13,982 GA Griffin
7%
18,336 NC Kinston
7%
11,777 FL Lake Worth
7%
11,639 GA Moultrie
7%
18,317 OK Okmulgee
7%
11,659 LA Opelousas
7%
12,010 TX Snyder
7%
11,544 TX Terrell
7%
12,651 TX Vernon
7%
10,302 LA West Monroe
7%
17,074 TX West University Place
7%
15,842 OK Chickasha
6%
10,754 TN Elizabethton
6%
10,870 KY Fort Thomas
6%
10,704 TX Lamesa
6%
13,031 OK Sapulpa
6%
10,767 AL Sheffield
6%
10,173 TX Bellaire
5%
13,177 AL Fairfield
5%
10,081 TX Mercedes
5%
11,708 NC Reidsville
5%
13,271 TX San Benito
5%
12,784 LA Crowley
4%
10,989 MD Mount Rainier
4%
10,827 TX White Settlement
4%
No matching quizzes found
Score Distribution
Percent of People with Each Score
Percentile by Number Answered
Your Score History
You have not taken this quiz since the last reset